000 00708nam a2200217 i 4500
001 189924
003 ES-MaACL
005 20250730063201.0
007 t|
008 191227s1970 sp ||||1| spa d
100 1 _aHernando, Bernardino M.,
_d1934-
_963083
245 1 4 _aLos jóvenes /
_cBernardino M. Hernando, Antonio Gamoneda.
260 _aLeón :
_bEverest, D.L.,
_c1970.
300 _a591 p. :
_bil. ;
_c22 cm.
490 1 _aEnciclopedia Everest para el hogar ;
_v9
650 4 _aJóvenes-
_xPsicología.
_913956
700 1 _aGamoneda, Antonio,
_d1931-
_953807
830 0 _aEnciclopedia Everest para el hogar ;
_v9
_9184128
852 _aES-MaACL
_jP-1258-3
999 _c189924
_d189924